| 000 | 00647nam a2200217Ii 4500 | ||
|---|---|---|---|
| 001 | 2039 | ||
| 003 | CO-ViMGA | ||
| 008 | 241108s9999||||xx |||||||||||||| ||und|| | ||
| 020 | _a8484700364 | ||
| 040 |
_aCO-ViMGA _bspa _erda _cCO-ViMGA |
||
| 041 | 0 | _aspa | |
| 082 | 0 | 4 | _a630 D85g |
| 100 | 1 |
_aPhilippe Dumas _951284 |
|
| 245 | 1 | 0 |
_aLa granja : _bCroquis al natural de una granja de antes |
| 264 | 1 | _a[Lugar de publicación no identificado] : Corimbo, 2001 | |
| 300 | _avolumen | ||
| 336 |
_atext _btxt _2rdacontent |
||
| 337 |
_aunmediated _bn _2rdamedia |
||
| 338 |
_avolume _bnc _2rdacarrier |
||
| 940 | _aidficha_siabuc: 1997. -- ficha_no_siabuc:2039 | ||
| 999 |
_c45995 _d45995 |
||